La gestión profesional de la imagen corporativa (Registro nro. 4563)

Detalles MARC
000 -Cabecera
Campo de control de longitud fija 01678aam a2200469 4500
005 - Fecha y hora de la última transacción
Campo de control 20251028142115.0
008 - Elementos de longitud fija--Información general
Campo de control de longitud fija 150413b1999 xxu||||| |||| 00| 0 spa d
020 ## - International Standard Book Number
Número Internacional Estándar del Libro (ISBN) 8436813847
041 ## - Idioma
Código de idioma Español
082 ## - Clasificación Decimal Dewey
Número de clasificación 659.2 V713g
100 ## - Entrada principal--Autor personal
Nombre personal Villafane, Justo
9 (RLIN) 22289
245 ## - Título propiamente dicho
Título La gestión profesional de la imagen corporativa
260 ## - Pie de imprenta
Lugar de publicación, distribución, etc. España
260 ## - Pie de imprenta
Nombre del editor, distribuidor, etc. Piramide
260 ## - Pie de imprenta
Fecha de publicación, distribución, etc. 1999
300 ## - Descripción física
Extensión 322 páginas
490 ## - Serie
Título de la Serie Dirección y Administración de Empresas
490 ## - Serie
Título de la Serie Secretariado ejecutivo
505 ## - Nota de contenido
Nota de contenido Parte I. La identidad y la imagen de las empresas.<br/>Parte II. Definir la estrategia de imagen.<br/>Parte III. Configurar la personalidad corporativa.<br/>Parte IV. Gestionar la imagen a través de la comunicación
650 ## - Materia general
Temática (materia general) RELACIONES PÚBLICAS
650 ## - Materia general
Temática (materia general) IDENTIDAD CORPORATIVA
650 ## - Materia general
Temática (materia general) IMAGEN CORPORATIVA
650 ## - Materia general
Temática (materia general) UNA IMAGEN POSITIVA
650 ## - Materia general
Temática (materia general) GESTIÓN ESTRATÉGICA DE LA IMAGEN CORPORATIVA
650 ## - Materia general
Temática (materia general) TÉCNICAS DE INVESTIGACIÓN DE LA IMAGEN CORPORATIVA
650 ## - Materia general
Temática (materia general) IDENTIDAD VISUAL CORPORATIVA
650 ## - Materia general
Temática (materia general) COMUNICACIÓN CORPORATIVA
650 ## - Materia general
Temática (materia general) MANUAL DE NORMAS DE IDENTIDAD VISUAL
650 ## - Materia general
Temática (materia general) MANUAL DE GESTIÓN DE LA COMUNICACIÓN
650 ## - Materia general
Temática (materia general) LA CULTURA CORPORATIVA
650 ## - Materia general
Temática (materia general) EL CAMBIO DE LA CULTURA CORPORATIVA
650 ## - Materia general
Temática (materia general) PROGRAMAS DE COMUNICACIÓN CORPORATIVA
650 ## - Materia general
Temática (materia general) NOTAS DE PRENSA
650 ## - Materia general
Temática (materia general) COMUNICADO DE PRENSA
650 ## - Materia general
Temática (materia general) DOSSIER DE PRENSA
650 ## - Materia general
Temática (materia general) RUEDA DE PRENSA
650 ## - Materia general
Temática (materia general) LA ENTREVISTA
650 ## - Materia general
Temática (materia general) LAS COMUNICACIONES ESPECIALES
650 ## - Materia general
Temática (materia general) LA COMUNICACIÓN FINANCIERA
650 ## - Materia general
Temática (materia general) LA COMUNICACIÓN INTERNA
942 ## - Punto de acceso adicional KOHA
Tipo de ítem KOHA Libro
Fuente del sistema de clasificación o colocación Dewey Decimal Classification
Existencias
Signatura completa Código de barras Programa Académico Tipo de ítem
659.2 V715g 8999   Libro